000 01074cam a22003014a 4500
001 12467719
003 OSt
005 20210417101649.0
008 010712s2002 nju d 000 0 eng
010 _a 2001042528
020 _a1564145670
040 _aDLC
_cDLC
_dDLC
042 _apcc
050 0 0 _aHG4515.95
_b.S48 2002
080 _a811-3
_bS-55
082 0 0 _a332.63/2/03
_221
100 1 _aShook, R. J.
_q(Robert James)
245 1 0 _aOnline trader's dictionary :
_bthe most up-to-date and authoritative compendium of financial terms /
_cby R.J. Shook.
260 _aFranklin Lakes, NJ :
_bCareer Press,
_cc2002.
300 _a508 p. ;
_c21 cm.
365 _b14.99 usd
650 0 _aElectronic trading of securities
_vDictionaries.
650 0 _aInvestments
_vDictionaries.
653 _aინვესტიცია, ლექსიკონი
906 _a7
_bcbc
_corignew
_d1
_eocip
_f20
_gy-gencatlg
942 _2ddc
_cBK
999 _c141
_d141